000
00338nam a2200145Ia 4500
008
150201s2013 xx 000 0 und d
082
_a
610
_b
B2013I
100
_a
INDRAYAN,A.
245
_a
BASIC METHODS OF MEDICAL RESEARCH
250
_a
3RD
260
_b
AITBS
_a
DELHI
_c
2013
300
_a
1-410
650
_a
MEDICINE
942
_2
ddc
_c
BK
999
_c
4736
_d
4736